000 00685nam a2200217Ia 4500
003 BUBTL
008 151213s9999 xx 000 0 und d
020 _a0631176128
082 _a415/ K328d/ 2001
100 _aKempson, Ruth
_94979
245 _aDynamic Syntex : the flow of language understanding /
_cRuth Kempson, Wilfried Meyer - Viol and Dov Gabbay
250 _a1st Edn
260 _aLondon
_bBlack Well
_cc2001
300 _a[xii]348p. :
_b24 cm
500 _aIncludes Index
650 _aEnglish Language
700 _aRuth Kempson, Wilfried Meyer - Viol and Dov Gabbay
_94981
856 _k0
_l0
_yDownload
942 _2ddc
_cBK
999 _c2425
_d2425